000
00466nam a2200181Ia 4500
008
090630s9999 xx 000 0 und d
082
_b
6370
100
_a
मधुकर.
245
_a
रिंगण.
_c
मधुकर.
260
_b
मेनका.
_c
1965
300
_a
176
600
_a
मधुकर.
630
_a
रिंगण.
655
_a
कादंबरी.
700
_a
मधुकर.
730
_a
रिंगण.
942
_c
BOOK
999
_c
258226
_d
258226